KOHA-Header-6

کلیات ناصر (Record no. 13706)

000 -LEADER
fixed length control field 00367nam a22001217a 4500
082 ## - DEWEY DECIMAL CLASSIFICATION NUMBER
Classification number 891.4915
Item number ن ا ص
100 ## - MAIN ENTRY--AUTHOR NAME
Personal name ناصر کاظمی
245 ## - TITLE STATEMENT
Title کلیات ناصر
Statement of responsibility, etc ناصر کاظمی
260 ## - PUBLICATION, DISTRIBUTION, ETC. (IMPRINT)
Place of publication لاہور
Name of publisher جہانگیر بک ڈپو
Year of publication ٢٠٠٥
300 ## - PHYSICAL DESCRIPTION
Number of Pages (١١٠؛١٨)صفحات
650 ## - SUBJECT ADDED ENTRY--TOPICAL TERM
Topical Term Poetry
-- Nasit Kazmi
-- Kulyat e Nasir
942 ## - ADDED ENTRY ELEMENTS (KOHA)
Koha item type Books
Holdings
Withdrawn status Lost status Collection code Permanent Location Current Location Shelving location Date acquired Full call number Accession Number Koha item type
    Urdu Literature MAJU MAJU Shelf No.A10 2023-02-03 891.4915 ن ا ص 10798 Books

Powered by Koha